| 000 | 00554nam a22001937a 4500 | ||
|---|---|---|---|
| 999 |
_c1875 _d1875 |
||
| 003 | AR-CdUCM | ||
| 008 | 190228b ||||| |||| 00| 0 spa d | ||
| 040 |
_aMUNICIPALIDAD PROVINCIAL DEL CUSCO _cBIBLIOTECA MUNICIPAL DEL CUSCO |
||
| 082 |
_a869.56 / _bG26 |
||
| 100 |
_aGary, Martha _96871 |
||
| 245 | _aEcos del viento / | ||
| 260 |
_aAbancay-Perú : _c2000. |
||
| 300 |
_a31 páginas ; _c16 cm. |
||
| 650 |
_aLiteratura peruana _9169 |
||
| 650 |
_aPoesía cusqueña _92323 |
||
| 650 |
_aPoesía siglo XX _91708 |
||
| 942 |
_2ddc _cLIBROS |
||
| 945 | _azta | ||